Public health nutrition / (Record no. 9302)
[ view plain ]
| 000 -LEADER | |
|---|---|
| fixed length control field | 00694cam a22002292 4500 |
| 001 - CONTROL NUMBER | |
| control field | 0000020386 |
| 005 - DATE AND TIME OF LATEST TRANSACTION | |
| control field | 20151217152213.0 |
| 008 - FIXED-LENGTH DATA ELEMENTS--GENERAL INFORMATION | |
| fixed length control field | 110915s xx 000 0 eng d |
| 020 ## - INTERNATIONAL STANDARD BOOK NUMBER | |
| International Standard Book Number | 0632056274 : |
| 040 ## - CATALOGING SOURCE | |
| Original cataloging agency | KABU |
| Transcribing agency | KABU |
| 245 10 - TITLE STATEMENT | |
| Title | Public health nutrition / |
| Statement of responsibility, etc. | edited by Michael J Gibney ... [et al] |
| 250 ## - EDITION STATEMENT | |
| Edition statement | 1st ed. |
| 260 ## - PUBLICATION, DISTRIBUTION, ETC. (IMPRINT) | |
| Place of publication, distribution, etc. | Oxford : |
| Name of publisher, distributor, etc. | Blackwell, |
| Date of publication, distribution, etc. | 2004. |
| 300 ## - PHYSICAL DESCRIPTION | |
| Extent | xiv, 378 p. |
| 650 #0 - SUBJECT ADDED ENTRY--TOPICAL TERM | |
| Topical term or geographic name as entry element | Nutritionally induced diseases. |
| -- | 0000180782 |
| 650 #0 - SUBJECT ADDED ENTRY--TOPICAL TERM | |
| Topical term or geographic name as entry element | Nutrition. |
| -- | 0000155604 |
| 650 #0 - SUBJECT ADDED ENTRY--TOPICAL TERM | |
| Topical term or geographic name as entry element | Public health. |
| -- | 0000165634 |
| 700 1# - ADDED ENTRY--PERSONAL NAME | |
| Personal name | Gibney, Michael J. |
| -- | 0000180783 |
| 852 1# - LOCATION | |
| -- | p8750 KES |
| 908 ## - PUT COMMAND PARAMETER (RLIN) | |
| Put command parameter | 110915 |
| 950 ## - LOCAL HOLDINGS (RLIN) | |
| -- | 1 |
| Withdrawn status | Lost status | Source of classification or shelving scheme | Not for loan | Home library | Current library | Date acquired | Total Checkouts | Total Renewals | Full call number | Barcode | Date last seen | Date last checked out | Copy number | Price effective from | Koha item type |
|---|---|---|---|---|---|---|---|---|---|---|---|---|---|---|---|
| Library of Congress Classification | Kabarak, Main Campus | Kabarak, Main Campus | 17/12/2015 | 1 | 1 | RA645 .N88P83 2004 c.1 | 21405 | 23/08/2022 | 26/07/2016 | C. | 17/12/2015 | General Collection | |||
| Library of Congress Classification | Kabarak, Main Campus | Kabarak, Main Campus | 17/12/2015 | 6 | 3 | RA645 .N88P83 2004 c.1 | 21401 | 23/01/2025 | 21/11/2024 | 17/12/2015 | General Collection |